Gramática descriptiva de la lengua española / (Record no. 16322)

MARC details
000 -LEADER
campo de control de longitud fija 01511nam a2200349 i 4500
001 - NÚMERO DE CONTROL
campo de control 16322
003 - IDENTIFICADOR DE NÚMERO DE CONTROL
campo de control ES-MaACL
005 - FECHA Y HORA DE LA ÚLTIMA TRANSACCIÓN
campo de control 20250606154449.0
007 - CAMPO FIJO DE DESCRIPCIÓN FÍSICA--INFORMACIÓN GENERAL
campo de control de longitud fija t|
008 - DATOS DE LONGITUD FIJA--INFORMACIÓN GENERAL
campo de control de longitud fija 000828s1999 sp |||| | spa d
020 ## - NÚMERO INTERNACIONAL ESTÁNDAR DEL LIBRO
Número Internacional Estándar del Libro 84-239-7917-2
080 ## - NÚMERO DE LA CLASIFICACIÓN DECIMAL UNIVERSAL
Número de la Clasificación Decimal Universal 811.134.2'36
245 00 - MENCIÓN DEL TÍTULO
Título Gramática descriptiva de la lengua española /
Mención de responsabilidad, etc. dirigida por Ignacio Bosque y Violeta Demonte ; preámbulo de Fernando Lázaro Carreter ; índices de Mª Victoria Pavón Lucero.
260 ## - PUBLICACIÓN, DISTRIBUCIÓN, ETC.
Lugar de publicación, distribución, etc. Madrid :
Nombre del editor, distribuidor, etc. Espasa-Calpe,
Fecha de publicación, distribución, etc. [1999]
300 ## - DESCRIPCIÓN FÍSICA
Extensión 3 v. ;
Dimensiones 23 cm.
490 1# - MENCIÓN DE SERIE
Mención de serie Colección Nebrija y Bello
505 8# - NOTA DE CONTENIDO CON FORMATO
Nota de contenido con formato Contiene: 1 ;
Título Sintaxis básica de las clases de palabras - 2 ;
-- Las construcciones sictácticas fundamentales ;
-- Relaciones temporales, aspectuales y modales - 3 ;
-- Entre la oración y el discurso ;
-- Morfología
650 #4 - PUNTO DE ACCESO ADICIONAL DE MATERIA--TÉRMINO DE MATERIA
Término de materia o nombre geográfico como elemento de entrada Lengua española-
Subdivisión general Gramática.
9 (RLIN) 14161
700 1# - ENTRADA AGREGADA--NOMBRE PERSONAL
Nombre de persona Bosque, Ignacio.
9 (RLIN) 30698
700 1# - ENTRADA AGREGADA--NOMBRE PERSONAL
Nombre de persona Demonte, Violeta.
9 (RLIN) 43665
700 1# - ENTRADA AGREGADA--NOMBRE PERSONAL
Nombre de persona Lázaro Carreter, Fernando,
Fechas asociadas al nombre 1923-2004
9 (RLIN) 70798
700 1# - ENTRADA AGREGADA--NOMBRE PERSONAL
Nombre de persona Pavón Lucero, Mª Victoria.
9 (RLIN) 89688
830 0# - PUNTO DE ACCESO ADICIONAL DE SERIE-TÍTULO UNIFORME
Título uniforme Colección Nebrija y Bello
9 (RLIN) 179937
852 ## - LOCALIZACIÓN
Ubicación ES-MaACL
Número de control de estantería A-15540
Ubicación en estantería Depósito 1
Signatura antigua Olim: 134.2'36 gra
Designación de la unidad física v. I
itemnumber 16693
852 ## - LOCALIZACIÓN
Ubicación ES-MaACL
Número de control de estantería A-15541
Ubicación en estantería Depósito 1
Signatura antigua Olim: 134.2'36 gra
Designación de la unidad física v. II
itemnumber 16694
852 ## - LOCALIZACIÓN
Ubicación ES-MaACL
Número de control de estantería A-15542
Ubicación en estantería Depósito 1
Signatura antigua Olim: 134.2'36 gra
Designación de la unidad física v. III
itemnumber 16691
852 ## - LOCALIZACIÓN
Ubicación ES-MaACL
Número de control de estantería L-23603
Ubicación en estantería Depósito 2
852 ## - LOCALIZACIÓN
Ubicación ES-MaACL
Número de control de estantería L-23604
Ubicación en estantería Depósito 2
852 ## - LOCALIZACIÓN
Ubicación ES-MaACL
Número de control de estantería L-23605
Ubicación en estantería Depósito 2
942 ## - ELEMENTOS DE ENTRADA SECUNDARIOS (KOHA)
Fuente del sistema de clasificación o colocación Clasificación decimal universal
Holdings
Estatus retirado Estado de pérdida Fuente del sistema de clasificación o colocación Especificación de materiales (volumen encuadernado u otra parte) Estado de daño No para préstamo Biblioteca de origen Biblioteca actual Ubicación en estantería Fecha de adquisición Total de préstamos Signatura topográfica completa Código de barras Visto por última vez Precio de reemplazo Tipo de ítem Koha
    Clasificación decimal universal v. III     Biblioteca del Ateneo de Madrid Biblioteca del Ateneo de Madrid Depósito 1 26/09/2022   A-15542 1203848 23/02/2023 23/02/2023 Libro impreso
    Clasificación decimal universal v. I     Biblioteca del Ateneo de Madrid Biblioteca del Ateneo de Madrid Depósito 2 17/01/2008   L-23603 1016584 23/02/2023 23/02/2023 Libro impreso
    Clasificación decimal universal v. I     Biblioteca del Ateneo de Madrid Biblioteca del Ateneo de Madrid Depósito 1 26/09/2022   A-15540 1203846 23/02/2023 23/02/2023 Libro impreso
    Clasificación decimal universal v. II     Biblioteca del Ateneo de Madrid Biblioteca del Ateneo de Madrid Depósito 1 26/09/2022   A-15541 1203847 23/02/2023 23/02/2023 Libro impreso
    Clasificación decimal universal v. II     Biblioteca del Ateneo de Madrid Biblioteca del Ateneo de Madrid Depósito 2 17/01/2008   L-23604   28/05/2025 23/02/2023 Libro impreso
    Clasificación decimal universal v. III     Biblioteca del Ateneo de Madrid Biblioteca del Ateneo de Madrid Depósito 2 17/01/2008   L-23605   28/05/2025 23/02/2023 Libro impreso